000 01295cab a2200217 4500
001 L130876
008 050912n2005 000 0 eng u
035 _a(Sirsi) u130876
041 0 _aeng
100 1 _aBrewer, Geoff
245 0 0 _aPayment of adjudication costs
260 _c2005
490 0 _aContract Journal
_v430(6540) 1 September 2005, 30(1)
520 _aDiscusses the case "John Roberts Architects Ltd v Parkcare Homes (No 2) Ltd" ([2005] EWHC 1637 (TCC) unreported) over the payment of parties' costs in the event of a discontinued adjudication. It was decided that since the adjudicator did not make a decision on the matters set out in the notice of the adjudication, he had no jurisdiction to decide the parties' liability for costs. The implication is that the parties' adjudication costs are not recoverable except to the extent that the parties expressly agree.
590 _aIKA130905
650 2 4 _aJOHN ROBERTS ARCHITECTS V PARKCARE HOMES (NO 2)
650 2 4 _aHOUSING GRANTS, CONSTRUCTION AND REGENERATION ACT 1996
650 2 4 _aSCHEME FOR CONSTRUCTION CONTRACTS
690 _aMANAGEMENT-DISPUTE AVOIDANCE, MANAGEMENT AND RESOLUTION-DISPUTE MANAGEMENT AND RESOLUTION-ALTERNATIVE DISPUTE RESOLUTION-ADJUDICATION-ADJUDICATORS-ADJUDICATORS' JURISDICTION
942 _n0
999 _c75858
_d75858